Hide and Seek - Countries #29 - Statistics

General Stats
  • This quiz has been taken 4 times
  • The average score is 3 of 10
Answer Stats
Answer % Correct
Albania
75%
Andorra
75%
Moldova
50%
Montenegro
50%
Serbia
50%
Fiji
25%
Bhutan
0%
Sri Lanka
0%
They all have animals on their flags.
0%
Uganda
0%
No matching quizzes found
Score Distribution
Percent of People with Each Score
Percentile by Number Answered
Your Score History
You have not taken this quiz